Object-Oriented software enginering : Practical software development using UML and Java

সংরক্ষণ করুন:
গ্রন্থ-পঞ্জীর বিবরন
প্রধান লেখক: Lethbridge, Timothy C.
বিন্যাস: গ্রন্থ
ভাষা:Undetermined
প্রকাশিত: London, UK McGraw-Hill 2005
বিষয়গুলি:
ট্যাগগুলো: ট্যাগ যুক্ত করুন
কোনো ট্যাগ নেই, প্রথমজন হিসাবে ট্যাগ করুন!
Thư viện lưu trữ: Trung tâm Học liệu Trường Đại học Cần Thơ
LEADER 00760nam a2200229Ia 4500
001 CTU_124436
008 210402s9999 xx 000 0 und d
020 |c 44 
082 |a 005.1 
082 |b L647 
100 |a Lethbridge, Timothy C. 
245 0 |a Object-Oriented software enginering : 
245 0 |b Practical software development using UML and Java 
245 0 |c Timothy Christian Lethbridge, Robert Laganière 
260 |a London, UK 
260 |b McGraw-Hill 
260 |c 2005 
526 |a Ngôn ngữ mô hình hóa 
526 |b CT182 
650 |a Object-oriented programming (Computer science),Java (Computer program language),UML (Computer science) 
904 |i Minh 
980 |a Trung tâm Học liệu Trường Đại học Cần Thơ